000 00392 a2200157 4500
001 57471
020 _a9788572085526
040 _cAnchieta - Pituba
100 _aRodrigues, Sonia
240 1 0 _aEu sou Maria; Os doze trabalhos de Hércules
_lpor
245 1 0 _aEu sou Maria; Os doze trabalhos de Hércules
300 _a115
362 0 _a2008
650 4 _aLiteratura juvenil
942 _cBK
999 _c57471
_d57471